Handbook of perversions /

Salvato in:
Dettagli Bibliografici
Autore principale: Hathaway, Dean
Natura: Libro
Lingua:inglese
Pubblicazione: Los Angeles (Cal.) An impact library book c1969
Tags: Aggiungi Tag
Nessun Tag, puoi essere il primo ad aggiungerne!!

MARC

LEADER 00000nam a2200000 4500
001 CDOM0000000275
003 mi
005 20250820120850.0
008 250820b |||||||| |||| 00| 0 eng d
040 |c mi 
100 |a Hathaway, Dean 
245 1 |a Handbook of perversions /  |c Dean Hathaway 
260 |a Los Angeles (Cal.)  |b An impact library book  |c c1969 
300 |a 160 p.  |c 18 cm. 
500 |a In copertina: A manual of perversion techniques-sex acts performed by men an women seeking new erotic variations. 
942 |2 ddc  |c BK 
952 |0 0  |1 0  |2 ddc  |4 0  |6 B_SSA03HATDEHAN11  |7 1  |9 4613  |a MI  |b MI  |d 1986-06-13  |i 212  |l 0  |o B-SSA03-HATDE-HAN11  |p CDOM212  |r 2025-07-04 21:34:31  |w 2025-07-04  |x DONO  |y BK 
999 |c 3604  |d 3604